[Event "IHEM 2004"]
[Site "Hamburg"]
[Date "2004.05.30"]
[Round "2.13"]
[White "Engelbert, Christoph"]
[Black "Stanke, Juergen"]
[Result "1/2-1/2"]
[WhiteElo "2213"]
[BlackElo "2306"]
[PlyCount "180"]
[EventDate "2004.??.??"]

1. e4 c5 2. c3 Nf6 3. e5 Nd5 4. Nf3 e6 5. Bc4 d6 6. d4 cxd4 7. cxd4 Nc6 8. O-O
Be7 9. Qe2 O-O 10. Qe4 Bd7 11. a3 Na5 12. Ba2 Bb5 13. Re1 Bc4 14. exd6 Qxd6 15.
b4 Bxa2 16. Rxa2 Nc6 17. Be3 Rfd8 18. Rd2 Rac8 19. Qd3 Bf6 20. Ng5 Bxg5 21.
Bxg5 f6 22. Be3 Nxe3 23. fxe3 Qd5 24. Nc3 Qh5 25. Ne4 Ne5 26. Qe2 Qxe2 27.
Rdxe2 Nc4 28. Nc5 Nxa3 29. Nxb7 Rd5 30. Nc5 e5 31. Ra2 Nb5 32. Ra5 Rb8 33. dxe5
fxe5 34. Rc1 h6 35. Na6 Rb6 36. Nc7 Nxc7 37. Rxc7 Rd1+ 38. Kf2 Rd2+ 39. Kf3 e4+
40. Kxe4 Rxg2 41. Raxa7 Rxb4+ 42. Kf3 Rg6 43. Ra8+ Kh7 44. Rac8 Rh4 45. Rc2
Rh3+ 46. Kf4 Rf6+ 47. Kg4 Rxe3 48. R8c3 Rg6+ 49. Kh4 Re4+ 50. Kh3 Rge6 51. Kg2
h5 52. Kg1 g6 53. Kg2 R6e5 54. Kh3 Kh6 55. Kg2 Rd4 56. Kh3 Ree4 57. Kg2 h4 58.
h3 Re5 59. Rc4 Rxc4 60. Rxc4 Kg5 61. Ra4 Re2+ 62. Kg1 Rb2 63. Kh1 Kh5 64. Kg1
Rb6 65. Ra5+ g5 66. Kg2 Kg6 67. Ra2 Kf6 68. Rf2+ Ke5 69. Re2+ Kd4 70. Ra2 Rb5
71. Ra4+ Ke5 72. Ra2 Rb4 73. Re2+ Re4 74. Ra2 Re3 75. Ra8 Kf4 76. Rf8+ Ke4 77.
Re8+ Kd3 78. Rg8 Rg3+ 79. Kh2 Ke2 80. Re8+ Kf2 81. Rf8+ Rf3 82. Rg8 Rf5 83. Ra8
Re5 84. Rf8+ Ke1 85. Kg1 Re3 86. Rf5 Rg3+ 87. Kh2 Ke2 88. Ra5 Kd2 89. Ra2+ Kd1
90. Ra1+ Kd2 1/2-1/2

[Event "IHEM 2004"]
[Site "Hamburg"]
[Date "2004.05.30"]
[Round "2.14"]
[White "Hess, Christian"]
[Black "Guzmann, Enrique"]
[Result "1/2-1/2"]
[WhiteElo "2305"]
[BlackElo "2230"]
[PlyCount "40"]
[EventDate "2004.??.??"]

1. Nf3 d5 2. c4 dxc4 3. e3 c5 4. Bxc4 a6 5. d4 e6 6. O-O Nf6 7. Bb3 b6 8. Nc3
Bb7 9. Qe2 Be7 10. dxc5 Bxc5 11. e4 h6 12. Bf4 O-O 13. Rfd1 Qe7 14. e5 Nfd7 15.
Ne4 Nc6 16. Nd6 Bxd6 17. Rxd6 Rfd8 18. Rad1 Nb4 19. Qd2 Nd5 20. Bg3 Rdc8
1/2-1/2

[Event "IHEM 2004"]
[Site "Hamburg"]
[Date "2004.05.30"]
[Round "2.15"]
[White "Maahs, Erich"]
[Black "Vandrey, Wolfgang"]
[Result "1/2-1/2"]
[WhiteElo "2178"]
[BlackElo "2302"]
[PlyCount "150"]
[EventDate "2004.??.??"]

1. e4 c5 2. Nf3 e6 3. d4 cxd4 4. Nxd4 a6 5. Bd3 Ne7 6. O-O Nbc6 7. Nb3 Ng6 8.
f4 Be7 9. Nc3 d6 10. Qh5 Bf6 11. Bd2 Nge7 12. Rae1 g6 13. Qh3 O-O 14. Nd1 Bg7
15. Bc3 f5 16. exf5 Nxf5 17. Bxf5 gxf5 18. Bxg7 Kxg7 19. Qd3 Rf6 20. Ne3 d5 21.
Nd4 Bd7 22. Nf3 Qb6 23. Kh1 Rd8 24. a3 Ne7 25. Nd4 Bb5 26. Nxb5 axb5 27. c3 d4
28. Rd1 Nc6 29. Nc2 dxc3 30. Qxc3 Rxd1 31. Rxd1 Qf2 32. Qd2 Qxd2 33. Rxd2 Rf7
34. Nd4 Nxd4 35. Rxd4 Rc7 36. h3 Kf6 37. Kh2 Ke7 38. Rb4 Rc5 39. a4 Kd6 40.
Rxb5 Rxb5 41. axb5 Kc5 42. g4 fxg4 43. hxg4 Kxb5 44. Kg3 Kc5 45. Kf2 Kd4 46.
Kf3 e5 47. f5 e4+ 48. Ke2 Ke5 49. b4 b5 50. Kf2 Kf6 51. Ke2 Ke5 52. Ke3 h6 53.
Kf2 Kd6 54. Kg2 Kd5 55. Kh3 Kd6 56. Kh4 Kd5 57. Kh5 e3 58. f6 e2 59. f7 e1=Q
60. f8=Q Qh1+ 61. Kg6 Qh4 62. Qf7+ Kd4 63. Qf4+ Kc3 64. Kf5 Kb3 65. Qd2 Qh1 66.
Qf4 Qb1+ 67. Kf6 Qh7 68. Qd6 Qe4 69. Qg3+ Kxb4 70. Kg7 Ka4 71. Kxh6 b4 72. g5
Qh1+ 73. Kg7 b3 74. Qf4+ Ka3 75. Qd6+ Ka2 1/2-1/2

[Event "IHEM 2004"]
[Site "Hamburg"]
[Date "2004.05.30"]
[Round "2.16"]
[White "Limbach, Torsten"]
[Black "Putzbach, Gerd"]
[Result "0-1"]
[WhiteElo "2079"]
[BlackElo "2268"]
[PlyCount "132"]
[EventDate "2004.??.??"]

1. c4 e5 2. g3 d6 3. Bg2 f5 4. d4 exd4 5. Qxd4 Nc6 6. Qe3+ Be7 7. Nh3 Nf6 8.
Nf4 Ne5 9. b3 c6 10. O-O O-O 11. Bb2 Nfg4 12. Qd2 g5 13. Nd3 f4 14. Nxe5 Nxe5
15. Rd1 Qc7 16. Qd4 Bg4 17. Nc3 b6 18. Nb5 Qd7 19. Nxd6 Bf6 20. Qd2 Rad8 21.
Ne4 Qxd2 22. Rxd2 Rxd2 23. Nxd2 f3 24. exf3 Nxf3+ 25. Nxf3 Bxb2 26. Rb1 Bf6 27.
h3 Bf5 28. Rd1 c5 29. g4 Bc2 30. Rd7 Rf7 31. Rxf7 Kxf7 32. Nd2 h6 33. Be4 Bc3
34. Bd5+ Kf6 35. Ne4+ Bxe4 36. Bxe4 Ke5 37. Bc6 Kd4 38. Kg2 Be1 39. Kf1 Bd2 40.
Ke2 Kc3 41. Bd7 Bc1 42. Kf3 Kb2 43. Ke4 Kxa2 44. Ba4 Ka3 45. Kd3 Kb2 46. Ke2 a6
47. Kd3 Bf4 48. Ke4 Kc3 49. Kd5 Kb4 50. Bd7 Kxb3 51. Kc6 Kb4 52. Kxb6 a5 53.
Bb5 Bh2 54. Kc6 Bg1 55. f3 a4 56. Bxa4 Kxa4 57. Kd5 Kb4 58. Ke6 Kxc4 59. Kf5
Kd5 60. f4 gxf4 61. Kxf4 Kd4 62. h4 c4 63. Kf5 Kd3 64. g5 hxg5 65. hxg5 c3 66.
g6 Bd4 0-1

[Event "IHEM 2004"]
[Site "Hamburg"]
[Date "2004.05.30"]
[Round "2.17"]
[White "Voigt, Martin"]
[Black "Parindra, Amran Mojo Pahit"]
[Result "1-0"]
[WhiteElo "2258"]
[BlackElo "2032"]
[PlyCount "45"]
[EventDate "2004.??.??"]

1. e4 e5 2. d4 exd4 3. c3 dxc3 4. Bc4 cxb2 5. Bxb2 Bb4+ 6. Nc3 Qe7 7. Nge2 Nf6
8. O-O O-O 9. e5 Bxc3 10. Bxc3 Ne8 11. Nf4 Qc5 12. Qd3 Nc6 13. Rfe1 Nb4 14. Qe4
a5 15. Nh5 d5 16. exd6 Nxd6 17. Qe7 Qxh5 18. Re5 Nc6 19. Rg5 Nxe7 20. Rxg7+ Kh8
21. Rxf7+ Kg8 22. Rg7+ Kh8 23. Rg8# 1-0

[Event "IHEM 2004"]
[Site "Hamburg"]
[Date "2004.05.30"]
[Round "2.18"]
[White "Cording, Harm"]
[Black "Bergsträßer, Andreas"]
[Result "1-0"]
[WhiteElo "2253"]
[BlackElo "1986"]
[PlyCount "75"]
[EventDate "2004.??.??"]

1. d4 d5 2. c4 c6 3. Nc3 Nf6 4. e3 e6 5. Nf3 Nbd7 6. Bd3 Bd6 7. O-O O-O 8. e4
dxe4 9. Nxe4 Nxe4 10. Bxe4 Nf6 11. Bc2 b6 12. Bg5 Be7 13. Qd3 g6 14. Rad1 Bb7
15. Rfe1 Qc7 16. Ne5 Rad8 17. Qh3 c5 18. Qh4 Kg7 19. Bh6+ Kg8 20. Bxf8 Rxf8 21.
dxc5 Qxc5 22. Qd4 Qc7 23. Nd7 Nxd7 24. Qxd7 Rc8 25. Be4 Ba6 26. Qxc7 Rxc7 27.
b3 Kg7 28. a4 Bc5 29. g3 f6 30. Rd8 e5 31. Red1 Bd4 32. Kg2 Bc8 33. h3 Be6 34.
f4 Bd7 35. g4 Bc8 36. Bd5 Kh6 37. Kf3 Bd7 38. h4 1-0

[Event "IHEM 2004"]
[Site "Hamburg"]
[Date "2004.05.30"]
[Round "3.1"]
[White "Rogozenko, Dorian"]
[Black "Handke, Florian"]
[Result "1/2-1/2"]
[WhiteElo "2531"]
[BlackElo "2456"]
[PlyCount "108"]
[EventDate "2004.??.??"]

1. d4 d5 2. c4 c6 3. Nf3 Nf6 4. Nc3 dxc4 5. a4 Bf5 6. Ne5 Nbd7 7. Nxc4 Nb6 8.
Ne5 a5 9. g3 e6 10. Bg2 Bb4 11. O-O O-O 12. e3 h6 13. Qe2 Nfd7 14. e4 Bh7 15.
Nxd7 Nxd7 16. Be3 Nf6 17. f3 Qc7 18. Rac1 Rfd8 19. Qc4 Rd7 20. Qb3 Qb6 21. Ne2
Bc5 22. Qc3 Bb4 23. Qb3 Bc5 24. Qc4 Bf8 25. b3 Nd5 26. Bf2 Bb4 27. Rcd1 Re8 28.
Nc1 Qd8 29. Na2 Nb6 30. Qe2 Bd6 31. Nc1 Qc7 32. Nd3 Rdd8 33. Qd2 Nd7 34. Qc3 e5
35. dxe5 Nxe5 36. Nxe5 Bxe5 37. Qc2 f6 38. Rxd8 Rxd8 39. Rd1 Bg6 40. Bf1 Bf7
41. Bc4 Rxd1+ 42. Qxd1 Bxc4 43. bxc4 Qe7 44. c5 h5 45. Kg2 Qe6 46. Qd8+ Kh7 47.
Qxa5 Qc4 48. Qd8 Qe2 49. Qd7 Bc3 50. Qf5+ Kg8 51. Kg1 Qd1+ 52. Kg2 Qe2 53. Qe6+
Kh7 54. Qf5+ Kg8 1/2-1/2

[Event "IHEM 2004"]
[Site "Hamburg"]
[Date "2004.05.30"]
[Round "3.2"]
[White "Bach, Matthias"]
[Black "Moreno Carnero, Javier"]
[Result "0-1"]
[WhiteElo "2351"]
[BlackElo "2525"]
[PlyCount "222"]
[EventDate "2004.??.??"]

1. d4 Nf6 2. c4 e6 3. Nc3 Bb4 4. e3 O-O 5. Bd3 c5 6. Nge2 d5 7. O-O dxc4 8.
Bxc4 Nc6 9. a3 cxd4 10. axb4 dxc3 11. bxc3 Qc7 12. Bb3 Rd8 13. Qc2 b6 14. f3 a5
15. b5 Ne5 16. Nd4 Bb7 17. e4 Rac8 18. Bf4 Qc5 19. Be3 Qxc3 20. Bf2 Qb4 21. Nc6
Bxc6 22. bxc6 Rxc6 23. Qb1 b5 24. Be1 Qd4+ 25. Bf2 Qb4 26. Be1 Qd4+ 27. Bf2 Qc3
28. Be1 Qe3+ 29. Bf2 Qg5 30. Bg3 Nc4 31. Qe1 a4 32. Bxc4 Rxc4 33. Qa5 Rdc8 34.
Rab1 h5 35. Rxb5 Qe3+ 36. Bf2 Qe2 37. Rbb1 Nd7 38. Qb5 Nf6 39. Ra1 Qc2 40. h3
Qb3 41. Qa6 R8c6 42. Qa8+ Rc8 43. Qa7 R8c7 44. Qa8+ Rc8 45. Qa7 Qb5 46. Rfb1
Qe8 47. Qa6 Qc6 48. Qxc6 R8xc6 49. Rb8+ Kh7 50. Ra8 Rc1+ 51. Rxc1 Rxc1+ 52. Kh2
Rc4 53. Ra7 Kg6 54. Bg3 Nh7 55. Bd6 h4 56. Re7 Rc6 57. Ba3 Ng5 58. Ra7 Rc4 59.
Be7 f6 60. Bf8 Nf7 61. Be7 e5 62. Bf8 Rc8 63. Be7 Rc4 64. Bf8 Rc8 65. Be7 Ng5
66. Rxa4 Rc2 67. Kh1 Rc1+ 68. Kh2 Rc2 69. Kh1 Ne6 70. Ra1 Nf4 71. Rg1 Kf7 72.
Bd8 Ke6 73. Bb6 Re2 74. Ba5 Kd7 75. Rd1+ Ke6 76. Rd2 Re1+ 77. Kh2 Rb1 78. Bc3
Nh5 79. Re2 Rc1 80. Bb4 Ng3 81. Re1 Rc2 82. Rd1 Rb2 83. Be1 Nf1+ 84. Kg1 Ne3
85. Rd2 Rb1 86. Kf2 Nc4 87. Rc2 Nb2 88. Bd2 g6 89. Be3 Na4 90. Rd2 Nc3 91. Bc5
Na4 92. Rc2 Nb2 93. Rd2 Nd1+ 94. Ke2 Nc3+ 95. Kf2 Nb5 96. Bb6 Nd6 97. Bd8 Nf7
98. Ba5 f5 99. exf5+ gxf5 100. Ke2 e4 101. fxe4 fxe4 102. Rc2 Ne5 103. Be1 Ng6
104. Bf2 Rb3 105. Kf1 Kd5 106. Ke2 Nf4+ 107. Kf1 Rb1+ 108. Be1 Nd3 109. Re2 Kd4
110. g3 hxg3 111. h4 g2+ 0-1

[Event "IHEM 2004"]
[Site "Hamburg"]
[Date "2004.05.30"]
[Round "3.4"]
[White "Farago, Ivan"]
[Black "Lanka, Zigurds"]
[Result "1/2-1/2"]
[WhiteElo "2507"]
[BlackElo "2461"]
[PlyCount "41"]
[EventDate "2004.??.??"]

1. d4 Nf6 2. c4 g6 3. Nc3 Bg7 4. e4 d6 5. Be2 O-O 6. Bg5 h6 7. Be3 Nbd7 8. Qc1
h5 9. Nf3 a6 10. O-O c5 11. d5 b5 12. cxb5 axb5 13. Bxb5 Ba6 14. Bxa6 Rxa6 15.
Bh6 Qb6 16. Bxg7 Kxg7 17. h3 Rb8 18. b3 Qb4 19. Re1 c4 20. Rb1 Ra3 21. Qe3
1/2-1/2

[Event "IHEM 2004"]
[Site "Hamburg"]
[Date "2004.05.30"]
[Round "3.5"]
[White "Löffler, Stefan"]
[Black "Von Buelow, Georg"]
[Result "1-0"]
[WhiteElo "2413"]
[BlackElo "2339"]
[PlyCount "57"]
[EventDate "2004.??.??"]

1. d4 Nf6 2. c4 g6 3. Nc3 d5 4. h4 c6 5. cxd5 cxd5 6. Bg5 Bg7 7. Qb3 e6 8. h5
h6 9. Bxf6 Qxf6 10. hxg6 Qxd4 11. e4 O-O 12. gxf7+ Rxf7 13. Nf3 Qb6 14. exd5
exd5 15. Nxd5 Qe6+ 16. Be2 Nc6 17. Kf1 Qd6 18. Rd1 Be6 19. Nb4 Bxb3 20. Rxd6
Nxb4 21. axb3 Kf8 22. Rh4 Nc6 23. Bc4 Rf5 24. Rg4 h5 25. Rg3 Ne7 26. Rd7 Bf6
27. Rxb7 a5 28. Rd7 Re8 29. Rg8+ 1-0

[Event "IHEM 2004"]
[Site "Hamburg"]
[Date "2004.05.30"]
[Round "3.6"]
[White "Rozentalis, Eduardas"]
[Black "Reddmann, Hauke"]
[Result "1-0"]
[WhiteElo "2619"]
[BlackElo "2338"]
[PlyCount "65"]
[EventDate "2004.??.??"]

1. e4 c5 2. Nf3 d6 3. d4 cxd4 4. Qxd4 Nc6 5. Bb5 Bd7 6. Bxc6 bxc6 7. O-O Qb6 8.
Qd3 g6 9. Be3 c5 10. Nc3 Bg7 11. Nd5 Qc6 12. c4 Bxb2 13. Rab1 Bg7 14. Bd2 Nh6
15. Rb3 f6 16. Rfb1 Kf7 17. Rb7 Rhc8 18. h3 Ng8 19. Ba5 Qa4 20. Nc3 Qxa5 21.
Rxd7 Kf8 22. Rbb7 Rcb8 23. Nd5 Rxb7 24. Rxb7 Qa6 25. Qb3 Qc6 26. Rxa7 Rxa7 27.
Qb8+ Kf7 28. Qxa7 Kf8 29. a4 e6 30. Nc7 Qd7 31. a5 Ne7 32. a6 Kf7 33. Qb7 1-0

[Event "IHEM 2004"]
[Site "Hamburg"]
[Date "2004.05.30"]
[Round "3.7"]
[White "Haba, Petr"]
[Black "Voigt, Martin"]
[Result "1-0"]
[WhiteElo "2513"]
[BlackElo "2258"]
[PlyCount "91"]
[EventDate "2004.??.??"]

1. e4 c6 2. d4 d5 3. Nd2 dxe4 4. Nxe4 Bf5 5. Ng3 Bg6 6. h4 h6 7. Nf3 Nd7 8. h5
Bh7 9. Bd3 Bxd3 10. Qxd3 e6 11. Bf4 Bb4+ 12. c3 Be7 13. O-O-O Ngf6 14. Kb1 a5
15. Ne4 O-O 16. Nxf6+ Nxf6 17. Ne5 a4 18. g4 a3 19. b3 Bd6 20. g5 Bxe5 21. Bxe5
Ng4 22. gxh6 Nxe5 23. Qg3 Ng6 24. hxg6 Qf6 25. hxg7 Qxg7 26. Rdg1 fxg6 27. Qxg6
Qxg6+ 28. Rxg6+ Kf7 29. Rhh6 Ke7 30. Rh7+ Kd6 31. Rgg7 Kd5 32. Rf7 b5 33. Kc2
Rxf7 34. Rxf7 Kd6 35. b4 Rh8 36. Kb3 Ra8 37. f4 Ra6 38. f5 exf5 39. Rxf5 Ra8
40. Rc5 Kd7 41. d5 cxd5 42. Rxb5 Kc6 43. Rc5+ Kd6 44. Ra5 Rxa5 45. bxa5 Kc5 46.
Ka4 1-0

[Event "IHEM 2004"]
[Site "Hamburg"]
[Date "2004.05.30"]
[Round "3.8"]
[White "Pajeken, Wolfgang"]
[Black "Hector, Johnny"]
[Result "1-0"]
[WhiteElo "2323"]
[BlackElo "2512"]
[PlyCount "73"]
[EventDate "2004.??.??"]

1. d4 d5 2. c4 c6 3. Nf3 Nf6 4. Nc3 dxc4 5. a4 Bf5 6. e3 e6 7. Bxc4 Bb4 8. O-O
Nbd7 9. Qe2 Bg6 10. Rd1 O-O 11. Ne5 Nxe5 12. dxe5 Nd7 13. f4 Qe7 14. Na2 Nb6
15. b3 Bc5 16. Bb2 Rfd8 17. Bd4 Bxd4 18. exd4 Nxc4 19. Qxc4 Qh4 20. g3 Qg4 21.
Nc3 Qf3 22. Rac1 Qe3+ 23. Kg2 Rd5 24. Qe2 Qxe2+ 25. Nxe2 Bh5 26. Kf2 Rad8 27.
Rc4 f6 28. exf6 gxf6 29. Re1 Kf7 30. Ke3 e5 31. dxe5 Rd3+ 32. Kf2 Rxb3 33. e6+
Kxe6 34. Rd4 Rf3+ 35. Kg2 Re3 36. Rxd8 Ke7 37. Rd2 1-0

[Event "IHEM 2004"]
[Site "Hamburg"]
[Date "2004.05.30"]
[Round "3.9"]
[White "Putzbach, Gerd"]
[Black "Kopylov, Michael"]
[Result "0-1"]
[WhiteElo "2268"]
[BlackElo "2433"]
[PlyCount "56"]
[EventDate "2004.??.??"]

1. e4 Nf6 2. e5 Nd5 3. d4 d6 4. exd6 cxd6 5. c4 Nc7 6. Nc3 g6 7. f4 d5 8. c5
Bg7 9. Be3 Nc6 10. h3 O-O 11. Nf3 Ne6 12. Qd2 b6 13. cxb6 Qxb6 14. Rd1 Rb8 15.
b3 Qa5 16. g4 Rb4 17. Ne2 Ba6 18. Ne5 Bxe5 19. dxe5 d4 20. Bf2 d3 21. Nc3 Nxf4
22. Be3 Nxe5 23. Kf2 Bb7 24. a3 Rxb3 25. Ne4 Qd5 26. Bxf4 Qxe4 27. Bxe5 Qxe5
28. Rg1 Rb2 0-1

[Event "IHEM 2004"]
[Site "Hamburg"]
[Date "2004.05.30"]
[Round "3.10"]
[White "Mandelbaum, Peter-Rene"]
[Black "Souleidis, Georgios"]
[Result "1/2-1/2"]
[WhiteElo "2155"]
[BlackElo "2398"]
[PlyCount "86"]
[EventDate "2004.??.??"]

1. e4 c5 2. Nf3 Nc6 3. d4 cxd4 4. Nxd4 Nf6 5. Nc3 e5 6. Ndb5 d6 7. Bg5 a6 8.
Na3 b5 9. Nd5 Be7 10. Bxf6 Bxf6 11. c3 O-O 12. Nc2 Bg5 13. a4 bxa4 14. Rxa4 a5
15. Bc4 Rb8 16. b3 Kh8 17. O-O f5 18. exf5 Bxf5 19. Nce3 Bg6 20. Bd3 Bf7 21.
Be4 Bg8 22. Nc4 Rb5 23. Na3 Rc5 24. Rc4 Bxd5 25. Bxd5 Rxc4 26. Nxc4 Ne7 27. Be6
Ng6 28. Nxd6 Qe7 29. Ne4 Bf4 30. Qd6 Bxh2+ 31. Kxh2 Qh4+ 32. Kg1 Qxe4 33. Bd5
Qd3 34. Qc6 Nf4 35. Bf3 e4 36. Qxe4 Qxc3 37. Qc4 Qf6 38. Qc7 Nh3+ 39. gxh3 Qxf3
40. Qg3 Qa8 41. Rc1 Rf6 42. Rc4 Rg6 43. Rg4 Rxg4 {(=)} 1/2-1/2

[Event "IHEM 2004"]
[Site "Hamburg"]
[Date "2004.05.30"]
[Round "3.11"]
[White "Siebrecht, Sebastian"]
[Black "Zimmermann, Julian"]
[Result "1-0"]
[WhiteElo "2369"]
[BlackElo "2276"]
[PlyCount "77"]
[EventDate "2004.??.??"]

1. d4 Nf6 2. Nf3 c5 3. d5 b5 4. Bg5 Ne4 5. Bh4 Bb7 6. Qd3 f5 7. Nbd2 c4 8. Qd4
Na6 9. c3 Nac5 10. g4 fxg4 11. Nxe4 Nxe4 12. Qxe4 gxf3 13. Qxf3 Qb6 14. e4 Qh6
15. Bg3 e6 16. dxe6 Qxe6 17. Bg2 g6 18. O-O Bc5 19. Rad1 h5 20. Qf4 a6 21. Qg5
O-O 22. Rfe1 Rae8 23. Re2 Rf6 24. Red2 Qf7 25. Qh4 Rf8 26. h3 Kh7 27. e5 g5 28.
Qxg5 Rg6 29. Qxh5+ Kg7 30. e6 Bxf2+ 31. Rxf2 Qxf2+ 32. Bxf2 Rxg2+ 33. Kf1
Rfxf2+ 34. Ke1 Rf6 35. Rd6 Rg1+ 36. Kd2 Rg2+ 37. Ke3 Rg3+ 38. Kd4 Rf4+ 39. Ke5
{(zue)} 1-0

[Event "IHEM 2004"]
[Site "Hamburg"]
[Date "2004.05.30"]
[Round "3.12"]
[White "Sawadkuhi, Massoud"]
[Black "Lindinger, Markus"]
[Result "1-0"]
[WhiteElo "2254"]
[BlackElo "2339"]
[PlyCount "69"]
[EventDate "2004.??.??"]

1. e4 c5 2. Nf3 Nc6 3. Bb5 Nf6 4. Bxc6 dxc6 5. d3 g6 6. Nc3 Bg7 7. Be3 Nd7 8.
Qd2 e5 9. Bh6 O-O 10. h4 f6 11. O-O-O Rf7 12. Be3 a5 13. h5 g5 14. h6 Bf8 15.
Ng1 a4 16. g3 a3 17. b3 Bd6 18. Nge2 g4 19. f3 gxf3 20. Ng1 c4 21. dxc4 Bb4 22.
Qd3 Qa5 23. Nb1 Nf8 24. Nxf3 Bg4 25. Bd2 Rd7 26. Qe3 Bc5 27. Qe2 Bd4 28. c3 Ne6
29. Rh4 Nc5 30. Rxg4+ Kf8 31. Nxd4 exd4 32. Qf3 Nxb3+ 33. axb3 Qd8 34. cxd4
Rxd4 35. Bb4+ 1-0

[Event "IHEM 2004"]
[Site "Hamburg"]
[Date "2004.05.30"]
[Round "3.13"]
[White "Stanke, Juergen"]
[Black "Cording, Harm"]
[Result "1/2-1/2"]
[WhiteElo "2306"]
[BlackElo "2253"]
[PlyCount "68"]
[EventDate "2004.??.??"]

1. c4 b6 2. d4 e6 3. e4 Bb7 4. f3 d5 5. exd5 exd5 6. Nc3 Nf6 7. Bg5 Be7 8. Bd3
dxc4 9. Bxc4 O-O 10. Nge2 Nc6 11. O-O Nb4 12. Qb3 Nfd5 13. Bd2 Nxc3 14. bxc3
Nd5 15. Bd3 Bg5 16. f4 Bf6 17. Be4 Nxc3 18. Bxh7+ Kxh7 19. Bxc3 Qd7 20. Rad1
Rfe8 21. Ng3 Qd5 22. Qc2+ Kg8 23. Rf2 Re3 24. Bd2 Re6 25. Nf5 Rae8 26. Bc3 Re4
27. Ng3 Re3 28. Nf1 R3e6 29. Rd3 Bh4 30. Ng3 Bf6 31. Nf1 Rc6 32. Qd2 Rd8 33.
Ne3 Qe4 34. Ng4 Ba6 1/2-1/2

[Event "IHEM 2004"]
[Site "Hamburg"]
[Date "2004.05.30"]
[Round "3.14"]
[White "Guzmann, Enrique"]
[Black "Meyer, Falko"]
[Result "1/2-1/2"]
[WhiteElo "2230"]
[BlackElo "2368"]
[PlyCount "49"]
[EventDate "2004.??.??"]

1. d4 Nf6 2. c4 e6 3. Nf3 b6 4. a3 Bb7 5. Nc3 d5 6. cxd5 exd5 7. Bf4 c6 8. e3
Nbd7 9. Be2 Be7 10. h3 Ne4 11. Nxe4 dxe4 12. Ne5 Nxe5 13. Bxe5 O-O 14. O-O Bd6
15. Bxd6 Qxd6 16. b4 f5 17. f4 exf3 18. Bxf3 Kh8 19. Qd2 Rf7 20. Rfc1 Rd8 21.
Ra2 f4 22. Rac2 fxe3 23. Qxe3 Qg3 24. Rc3 h6 25. Bxc6 {(=)} 1/2-1/2

[Event "IHEM 2004"]
[Site "Hamburg"]
[Date "2004.05.30"]
[Round "3.15"]
[White "Kröncke, Manfred"]
[Black "Hess, Christian"]
[Result "1/2-1/2"]
[WhiteElo "2190"]
[BlackElo "2305"]
[PlyCount "36"]
[EventDate "2004.??.??"]

1. e4 c6 2. d4 d5 3. exd5 cxd5 4. Bd3 Nc6 5. c3 Nf6 6. Bf4 Bg4 7. Qb3 Qd7 8.
Nd2 e6 9. Ngf3 Bxf3 10. Nxf3 Bd6 11. Bxd6 Qxd6 12. O-O O-O 13. Rae1 Nd7 14. Qc2
h6 15. Qe2 Rfe8 16. Ne5 Ncxe5 17. dxe5 Qb6 18. Kh1 Nc5 {(=)} 1/2-1/2

[Event "IHEM 2004"]
[Site "Hamburg"]
[Date "2004.05.30"]
[Round "3.16"]
[White "Vandrey, Wolfgang"]
[Black "Engelbert, Christoph"]
[Result "1-0"]
[WhiteElo "2302"]
[BlackElo "2213"]
[PlyCount "49"]
[EventDate "2004.??.??"]

1. d4 g6 2. Nf3 Bg7 3. g3 Nf6 4. Bg2 O-O 5. O-O d6 6. c4 c6 7. b3 Bg4 8. Bb2
Qd7 9. Nbd2 Bh3 10. e4 Bxg2 11. Kxg2 e6 12. e5 dxe5 13. dxe5 Ng4 14. h3 Nh6 15.
Ne4 Rd8 16. Qxd7 Nxd7 17. g4 Bf8 18. Bc1 Kg7 19. Bg5 Rdc8 20. Rad1 Rc7 21. Rd3
Nb6 22. Bf6+ Kg8 23. Rfd1 Be7 24. Bxe7 Rxe7 25. Rd8+ 1-0

[Event "IHEM 2004"]
[Site "Hamburg"]
[Date "2004.05.30"]
[Round "3.17"]
[White "Parindra, Amran Mojo Pahit"]
[Black "Maahs, Erich"]
[Result "1-0"]
[WhiteElo "2032"]
[BlackElo "2178"]
[PlyCount "69"]
[EventDate "2004.??.??"]

1. Nf3 d5 2. c4 d4 3. e3 c5 4. d3 Nc6 5. Be2 e5 6. O-O Bd6 7. e4 Nge7 8. Bg5 f6
9. Bh4 Be6 10. Bg3 Qc7 11. Nbd2 g5 12. h3 Ng6 13. Nh2 O-O-O 14. Ng4 Qg7 15. Nh2
Kb8 16. a4 Nf4 17. Bxf4 gxf4 18. Kh1 Rhg8 19. Rg1 Qd7 20. Bg4 Rg6 21. Bxe6 Qxe6
22. Ndf3 Ne7 23. Qe2 Rdg8 24. Nh4 Rh6 25. N2f3 f5 26. exf5 Qf6 27. g3 Nxf5 28.
Qe4 Nxh4 29. gxh4 Rhg6 30. Rg5 h6 31. Rxg6 Qxg6 32. Rg1 Qe6 33. Rxg8+ Qxg8 34.
Nxe5 Qe6 35. Nc6+ 1-0

[Event "IHEM 2004"]
[Site "Hamburg"]
[Date "2004.05.30"]
[Round "3.18"]
[White "Bergsträßer, Andreas"]
[Black "Limbach, Torsten"]
[Result "1/2-1/2"]
[WhiteElo "1986"]
[BlackElo "2079"]
[PlyCount "33"]
[EventDate "2004.??.??"]

1. d4 d5 2. Nf3 Nf6 3. e3 c5 4. Bd3 Nc6 5. O-O Bg4 6. c3 e6 7. Nbd2 cxd4 8.
exd4 Be7 9. Qe2 O-O 10. Re1 Rc8 11. h3 Bh5 12. Nf1 Bg6 13. Bg5 Ne4 14. Bxe7
Qxe7 15. N3d2 Nxd2 16. Bxg6 hxg6 17. Nxd2 1/2-1/2

[Event "IHEM 2004"]
[Site "Hamburg"]
[Date "2004.05.31"]
[Round "4.1"]
[White "Moreno Carnero, Javier"]
[Black "Rogozenko, Dorian"]
[Result "1/2-1/2"]
[WhiteElo "2525"]
[BlackElo "2531"]
[PlyCount "54"]
[EventDate "2004.??.??"]

1. e4 c5 2. Nf3 d6 3. d4 cxd4 4. Nxd4 Nf6 5. Nc3 g6 6. Bc4 Bg7 7. O-O Nc6 8.
Nb3 O-O 9. Re1 a6 10. Bf1 b5 11. Nd5 Nd7 12. c3 e6 13. Nb4 Nxb4 14. cxb4 Nb6
15. Na5 d5 16. e5 Nc4 17. Bxc4 bxc4 18. Bf4 f5 19. Qd2 Qc7 20. h4 Bd7 21. Rac1
Rac8 22. a3 Rf7 23. Re3 Qa7 24. Rh3 Qb8 25. Qe3 h6 26. Re1 Kh7 27. Qd2 Be8 {(=)
} 1/2-1/2

[Event "IHEM 2004"]
[Site "Hamburg"]
[Date "2004.05.31"]
[Round "4.2"]
[White "Handke, Florian"]
[Black "Löffler, Stefan"]
[Result "0-1"]
[WhiteElo "2456"]
[BlackElo "2413"]
[PlyCount "100"]
[EventDate "2004.??.??"]

1. d4 d5 2. c4 e6 3. Nf3 dxc4 4. g3 c5 5. Bg2 Nc6 6. Be3 Nf6 7. O-O Nd5 8. Bg5
f6 9. Bc1 Nb6 10. Be3 Nd5 11. Nc3 Nxe3 12. fxe3 g6 13. Ne4 Bh6 14. d5 Nb4 15.
dxe6 Bxe3+ 16. Kh1 Qxd1 17. Raxd1 Ke7 18. a3 Nc6 19. Nfd2 Bxe6 20. Rxf6 Rad8
21. Rf3 Bh6 22. Rff1 Ne5 23. Nf3 Rxd1 24. Rxd1 Ng4 25. e3 Bf5 26. Nfd2 Nxe3 27.
Re1 Rd8 28. Bf3 Kf8 29. Nf1 Nc2 30. Rb1 Nd4 31. g4 Bd7 32. Bg2 Bxg4 33. Nxc5 b6
34. Ne4 Nb3 35. h3 Bf5 36. Re1 Bg7 37. Ne3 Bxe4 38. Bxe4 Nd2 39. Bd5 Bxb2 40.
Bxc4 Bxa3 41. Ba2 Rd3 42. Nd5 Bd6 43. Re2 Rxh3+ 44. Kg1 Nf3+ 45. Kg2 Rg3+ 46.
Kf2 Nh4 47. Kf1 Bc5 48. Rh2 g5 49. Nc7 Ke7 50. Ne6 Rf3+ 0-1

[Event "IHEM 2004"]
[Site "Hamburg"]
[Date "2004.05.31"]
[Round "4.4"]
[White "Siebrecht, Sebastian"]
[Black "Haba, Petr"]
[Result "1/2-1/2"]
[WhiteElo "2369"]
[BlackElo "2513"]
[PlyCount "42"]
[EventDate "2004.??.??"]

1. c4 c6 2. d4 d5 3. Nc3 Nf6 4. e3 g6 5. Nf3 Bg7 6. Be2 O-O 7. O-O dxc4 8. Bxc4
Bg4 9. h3 Bxf3 10. Qxf3 Nbd7 11. Rd1 e5 12. d5 e4 13. Nxe4 Ne5 14. Nxf6+ Bxf6
15. Qe2 Nxc4 16. Qxc4 cxd5 17. Rxd5 Qb6 18. Rb5 Qd6 19. Rd5 Qb6 20. Rb5 Qd6 21.
Rd5 Qb6 {(=)} 1/2-1/2

[Event "IHEM 2004"]
[Site "Hamburg"]
[Date "2004.05.31"]
[Round "4.5"]
[White "Bach, Matthias"]
[Black "Farago, Ivan"]
[Result "0-1"]
[WhiteElo "2351"]
[BlackElo "2507"]
[PlyCount "36"]
[EventDate "2004.??.??"]

1. d4 Nf6 2. c4 e6 3. Nf3 b6 4. g3 Ba6 5. Qa4 Bb7 6. Bg2 c5 7. dxc5 bxc5 8. O-O
Be7 9. Bf4 O-O 10. Nc3 Qb6 11. Rfd1 d6 12. Rd2 Nc6 13. Bxd6 Bxd6 14. Rxd6 Qxb2
15. Rb1 Qxc3 16. Rxb7 Nd4 17. Nxd4 Qe1+ 18. Bf1 Ne4 0-1

[Event "IHEM 2004"]
[Site "Hamburg"]
[Date "2004.05.31"]
[Round "4.6"]
[White "Lanka, Zigurds"]
[Black "Pajeken, Wolfgang"]
[Result "1-0"]
[WhiteElo "2461"]
[BlackElo "2323"]
[PlyCount "63"]
[EventDate "2004.??.??"]

1. e4 Nf6 2. e5 Nd5 3. c4 Nb6 4. d4 d6 5. exd6 exd6 6. h3 Be7 7. Nf3 O-O 8. Bd3
Bf6 9. O-O Nc6 10. Nc3 Re8 11. b3 g6 12. Be3 Nb4 13. Be2 c6 14. a3 Na6 15. Qd2
Nc7 16. Nh2 Bg7 17. Rad1 Qe7 18. Rfe1 Qf8 19. a4 a5 20. Bf1 d5 21. c5 Nd7 22.
Ne2 Nf6 23. f3 Ne6 24. g4 Kh8 25. Ng3 Bd7 26. Bg2 b6 27. cxb6 Qd6 28. f4 Nf8
29. Nf3 Ne4 30. Nxe4 dxe4 31. Ne5 Kg8 32. Bxe4 1-0